000
00320nam a22001217a 4500
008
250619b |||||||| |||| 00| 0 eng d
020
_a
9788126547258
050
_a
SF 250.0
_b
.D53
245
_a
Diary Science and Technology Product manufacturing
260
_a
New Delhi
_b
Wiley-VCH
_c
2014
300
_a
435p
942
_c
BK
999
_c
3902
_d
3902